| Tag |
First Indicator |
Second Indicator |
Subfields |
| LEADER |
00000cgm a2200000Ia 4500 |
| 001 |
in00002781244 |
| 005 |
20150922121051.0 |
| 007 |
vd bvaizm |
| 008 |
120424s2012 nyu103 vlcze d |
| 020 |
|
|
|a 9781604655803
|
| 020 |
|
|
|a 1604655801
|
| 024 |
1 |
|
|a 715515095112
|
| 028 |
4 |
2 |
|a ECL150
|b Criterion Collection
|
| 035 |
|
|
|a (OCoLC)ocn788623373
|
| 035 |
|
|
|a (OCoLC)788623373
|
| 040 |
|
|
|a WAU
|c WAU
|d ISM
|d TEF
|d EMU
|d TXA
|d UtOrBLW
|
| 041 |
1 |
|
|a cze
|j eng
|h cze
|
| 049 |
|
|
|a TXAM
|
| 050 |
|
4 |
|a PN1997
|b .N38 2012
|
| 082 |
0 |
4 |
|a 791.43/72
|2 23
|
| 090 |
|
|
|a PN1995.9.F67
|b N3885 2012
|
| 245 |
0 |
0 |
|a Návrat ztraceného syna /
|c Ústřední půjčovna filmů v praze uvádí ; scénář, Sergej Machonin, Evald Schorm ; režie, Evald Schorm ; Filmové studio Barrandov.
|
| 246 |
1 |
|
|i Title on container:
|a Return of the prodigal son
|
| 257 |
|
|
|a Czechoslovakia
|2 naf
|
| 264 |
|
1 |
|a [New York] :
|b Criterion Collection,
|c [2012]
|
| 300 |
|
|
|a 1 videodisc (103min.) :
|b sound, black and white and color ;
|c 4 3/4 in.
|
| 336 |
|
|
|a two-dimensional moving image
|b tdi
|2 rdacontent
|
| 337 |
|
|
|a video
|b v
|2 rdamedia
|
| 338 |
|
|
|a videodisc
|b vd
|2 rdacarrier
|
| 490 |
1 |
|
|a Eclipse ;
|v series 32
|
| 538 |
|
|
|a DVD, NTSC, full screen (1.33:1) presentation; Dolby Digital mono.
|
| 546 |
|
|
|a In Czech with optional English subtitles.
|
| 511 |
1 |
|
|a Jan Kačer, Jana Brejchová, Dana Medřická, Milan Morávek, Jiří Menzel, Jiří Kilián, Anna Lebedová.
|
| 508 |
|
|
|a Cinematography, František Uldrich ; editor, Jiřina Lukešová ; music, Jan Klusák.
|
| 500 |
|
|
|a Originally released as a motion picture in 1967.
|
| 520 |
|
|
|a A psychological drama about a family man, who is an engineer unable to adjust to the world around him after his suicide attempt.
|
| 500 |
|
|
|a Videorecording.
|
| 650 |
|
0 |
|a Suicidal behavior
|v Drama.
|
| 650 |
|
0 |
|a Mentally ill
|x Family relationships
|v Drama.
|
| 650 |
|
0 |
|a Spouses
|v Drama.
|
| 655 |
|
7 |
|a Foreign films.
|2 local
|
| 655 |
|
7 |
|a New wave films.
|2 lcgft
|
| 655 |
|
7 |
|a Fiction films.
|2 lcgft
|
| 655 |
|
7 |
|a Feature films.
|2 lcgft
|
| 700 |
1 |
|
|a Schorm, Evald,
|d 1931-1988,
|e screenwriter,
|e director.
|
| 700 |
1 |
|
|a Machonin, Sergej,
|d 1918-
|e screenwriter.
|
| 700 |
1 |
|
|a Kačer, Jan,
|d 1936-
|e actor.
|
| 700 |
1 |
|
|a Brejchová, Jana,
|d 1940-
|e actor.
|
| 700 |
1 |
|
|a Medřická, Dana,
|d 1920-
|e actor.
|
| 700 |
1 |
|
|a Klusák, Jan,
|d 1934-
|e composer.
|
| 700 |
1 |
|
|a Moravek, Milan.
|
| 700 |
1 |
|
|a Menzel, Jiří.
|
| 700 |
1 |
|
|a Jiří Kilián.
|
| 700 |
1 |
|
|a Anna Lebedová.
|
| 710 |
2 |
|
|a Ústřední půjčovna filmů (Prague, Czech Republic)
|
| 710 |
2 |
|
|a Filmové studio Barrandov.
|
| 710 |
2 |
|
|a Criterion Collection (Firm)
|
| 830 |
|
0 |
|a Eclipse (Criterion Collection (Firm)).
|n Series 32,
|p Pearls of the Czech new wave.
|
| 994 |
|
|
|a C0
|b TXA
|
| 948 |
|
|
|a cataloged
|b h
|c 2012/9/28
|d c
|e blrosas
|f 1:26:14 pm
|
| 999 |
|
|
|a MARS
|
| 999 |
f |
f |
|s 55ba083e-ea65-3357-85b1-8d3dcf7ab10c
|i c2c6d33d-4d8f-302b-92ce-2f49941ce431
|t 0
|
| 952 |
f |
f |
|p ric
|a Texas A&M University
|b Rellis Campus
|c Joint Library Facility
|d Remote Storage
|t 0
|e PN1995.9.F67 N3885 2012
|h Library of Congress classification
|i video -- videodisc
|m A14841529094
|
| 998 |
f |
f |
|a PN1995.9.F67 N3885 2012
|t 0
|l Remote Storage
|